000 00620nam a2200241Ia 4500
003 OSt
005 20221007111121.0
006 a|||||r|||| 00| 0
007 ta
008 221006b |||||||| |||| 00| 0 eng d
024 _a22,600
037 _cTextual
040 _aLCO
_cLCO
_beng
041 _2eng
_aeng
082 _aX72:(Z), L3
100 _aHepker Michael Z.
_9282556
245 0 _aModern Approach to Tax Law
260 _aLondon
_bWilliam Heinemann Ltd. U.K.
_c1973
300 _a351
650 _aTAX
942 _hX72:(Z), L3
_cTEXL
999 _c1192163
_d1192163